| 000 | 01072nam a22002657a 4500 | ||
|---|---|---|---|
| 005 | 20260416155223.0 | ||
| 007 | cr |||aaa||||| | ||
| 008 | 260416s2021 sp|a||||o|||| 000 0 spa d | ||
| 020 | _a9788490444641 | ||
| 040 |
_aMX-MxUPN _bspa _eaacr2 |
||
| 041 | 0 | _aspa | |
| 050 | 4 | _aRJ399 C6 | |
| 245 | 1 | 0 |
_aPrevención de la obesidad y mejora del rendimiento académico mediante un programa de actividad física en escolares de 4 a 7 años : _befectividad de la intervención MOVI-KIDS _h[recurso electrónico en línea] |
| 260 |
_aCuenca, : _bUniversidad de Castilla-La Mancha, _c2021 |
||
| 300 |
_a1 recurso en línea (179 páginas) : _bilustraciones, PDF |
||
| 490 | 0 |
_aColección Divulgatio ; _v12 |
|
| 506 | 0 | _aAcceso abierto | |
| 650 | 4 |
_aObesidad en niños _xPrevención _959290 |
|
| 650 | 7 |
_aActividades físicas _9145 |
|
| 700 | 1 |
_aSánchez López, Mairena _955633 _edirección |
|
| 700 | 1 |
_aMartínez Vizcaíno, Vicente _959291 _edirección |
|
| 856 | 4 | 0 | _uhttps://hdl.handle.net/10578/28577 |
| 902 | _aVíctorGodínez/160426 | ||
| 942 |
_2lcc _cLIBRO-E |
||
| 999 |
_c214974 _d214974 |
||